[Event "Challenge"]
[Site "http://www.queenalice.com/game.php?id=952026"]
[Date "2011.6.20"]
[Round "-"]
[White "ymfrancois"]
[Black "Rooklifter"]
[Result "0-1"]
[WhiteElo "1899"]
[BlackElo "2000"]

1. e4 c5 2. Bc4 e6 3. d3 d6 4. Nf3 Be7 5. O-O Nf6 6. Bg5 Nbd7 7. Bb5 a6 8. Ba4
b5 9. Bb3 Nb6 10. c3 Bb7 11. Nbd2 O-O 12. e5 Nfd5 13. Bxe7 Qxe7 14. Ne4 dxe5 15.
Nxe5 Rad8 16. Qg4 Nf6 17. Qg5 Bxe4 18. dxe4 Qc7 19. Bc2 h6 20. Qh4 Qxe5 21. f4
Qh5 22. Qg3 Rd2 23. Bd1 Qg6 24. e5 Qxg3 25. hxg3 Ne4 26. Rb1 Nxg3 27. Rf2 Rfd8
28. Bf3 Nf5 29. Rxd2 Rxd2 30. a3 Nc4 0-1

[Event "Challenge"]
[Site "http://www.queenalice.com/game.php?id=952027"]
[Date "2011.6.20"]
[Round "-"]
[White "Rooklifter"]
[Black "ymfrancois"]
[Result "1-0"]
[WhiteElo "1986"]
[BlackElo "1899"]

1. e4 e5 2. f4 exf4 3. Nf3 Bc5 4. d4 Bb6 5. Bxf4 d6 6. Bc4 Nf6 7. Nbd2 Bg4 8. c3
c6 9. Qb3 d5 10. exd5 Qe7+ 11. Kf2 O-O 12. Rhe1 Qd8 13. d6 Bxf3 14. Nxf3 Nh5 15.
Bg5 Nf6 16. Bxf7+ Kh8 17. Qe6 Qd7 18. Bxf6 Qxe6 19. Bxg7+ Kxg7 20. Bxe6 Na6 21.
Bc4 Nb8 22. Re7+ Kf6 23. Rae1 Kf5 24. Bd3+ 1-0

[Event "AUTO-OPEN-2269"]
[Site "http://www.queenalice.com/game.php?id=965533"]
[Date "2011.7.27"]
[Round "2"]
[White "sia"]
[Black "Rooklifter"]
[Result "0-1"]
[WhiteElo "2091"]
[BlackElo "2016"]

1. b3 e5 2. Bb2 Nc6 3. d3 d5 4. g3 Bg4 5. Bg2 f6 6. Nf3 Qd7 7. O-O Bh3 8. Nbd2
Bxg2 9. Kxg2 g5 10. e4 h5 11. exd5 Qxd5 12. Ne4 O-O-O 13. Kg1 Be7 14. a3 Nh6 15.
Qe2 Rdg8 16. b4 Nf5 17. c4 Qd7 18. b5 Ncd4 19. Nxd4 Nxd4 20. Bxd4 Qxd4 21. Qe3
Rd8 22. Qxd4 Rxd4 23. Rfd1 f5 24. Nc3 h4 25. a4 hxg3 26. fxg3 Bc5 27. Kg2 Rd7
28. Ne2 Rdh7 29. Rh1 f4 30. gxf4 gxf4 31. d4 exd4 32. Nxf4 Bd6 33. Raf1 Rg8+ 34.
Kf3 Re8 35. h4 Rf7 36. Kg4 Rg8+ 37. Ng6 Rxg6+ 38. Kh5 Rxf1 39. Rxf1 Rg2 40. Kh6
d3 41. h5 d2 42. Kh7 Re2 43. Rd1 Bf4 44. h6 Re1 45. Rxd2 Bxd2 46. Kg8 Bxh6 47.
c5 Ra1 48. Kh7 Be3 49. c6 Rxa4 50. cxb7+ Kxb7 51. Kg7 Rf4 52. Kg6 Kc8 53. Kg5
Kd7 54. b6 cxb6 55. Kg6 Ke6 56. Kg5 Rf1+ 57. Kg4 Ke5 0-1

[Event "AUTO-OPEN-2269"]
[Site "http://www.queenalice.com/game.php?id=965534"]
[Date "2011.7.27"]
[Round "2"]
[White "Rooklifter"]
[Black "sia"]
[Result "1-0"]
[WhiteElo "1999"]
[BlackElo "2026"]

1. e4 e5 2. f4 exf4 3. Nf3 h6 4. b3 Nf6 5. Qe2 Bc5 6. d4 Bd6 7. e5 O-O 8. Bxf4
Nd5 9. Bd2 f6 10. Qc4 c6 11. exd6 Qe8+ 12. Kf2 b5 13. Qe2 Qg6 14. Qd3 f5 15. c4
bxc4 16. bxc4 Ba6 17. Qb3 Nf6 18. c5+ Kh8 19. Bxa6 Nxa6 20. Re1 Ne4+ 21. Kg1
Rab8 22. Qa3 Nxd2 23. Nbxd2 Nb4 24. Ne5 Qf6 25. Rac1 Rb7 26. Ndf3 Rfb8 27. Re2
Nd5 28. Rce1 Nf4 29. Rd2 Ne6 30. Qc3 Rb4 31. Nxd7 Qf7 32. Nxb8 Rxb8 33. Ne5 Qh5
34. Nxc6 Re8 35. Rde2 Qg6 36. d5 Nf4 37. Rxe8+ Kh7 38. Qf3 Qg4 39. Qxg4 fxg4 40.
d7 Nxd5 41. d8=Q Nc3 42. Qd3+ Ne4 43. Qxe4+ g6 44. Qe7# 1-0

[Event "AUTO-OPEN-2269"]
[Site "http://www.queenalice.com/game.php?id=965537"]
[Date "2011.7.27"]
[Round "2"]
[White "RafaelCabral"]
[Black "Rooklifter"]
[Result "1-0"]
[WhiteElo "2216"]
[BlackElo "2007"]

1. c4 c5 2. Nc3 Nc6 3. Nf3 g6 4. g3 Bg7 5. d3 e5 6. Bg2 Nge7 7. O-O O-O 8. a3 d6
9. Rb1 h6 10. b4 b6 11. b5 Na5 12. Nxe5 Bb7 13. Bxb7 Nxb7 14. Nc6 Nxc6 15. bxc6
Na5 16. c7 Qxc7 17. Nd5 Qd8 18. Bb2 Nc6 19. e3 Ne7 20. Bf6 Bxf6 21. Nxf6+ Kg7
22. Qf3 Nf5 23. Nd5 h5 24. a4 Nh6 25. h3 Ng8 26. Kg2 Nf6 27. Nc3 Qd7 28. a5 bxa5
29. Rb5 Rab8 30. Rxa5 Rb3 31. Rc1 Rfb8 32. Nb5 d5 33. Rxa7 Qe6 34. Nc7 1-0

[Event "AUTO-OPEN-2269"]
[Site "http://www.queenalice.com/game.php?id=965538"]
[Date "2011.7.27"]
[Round "2"]
[White "Rooklifter"]
[Black "RafaelCabral"]
[Result "0-1"]
[WhiteElo "2015"]
[BlackElo "2210"]

1. e4 c5 2. Nf3 d6 3. d4 cxd4 4. Nxd4 Nf6 5. f3 a6 6. c4 e6 7. Nc3 Be7 8. Be3
O-O 9. Be2 b6 10. O-O Bb7 11. b3 Nbd7 12. Qd2 Qc7 13. Rac1 Rac8 14. Rfd1 Qb8 15.
Bf1 Qa8 16. Nc2 Rfd8 17. Qf2 d5 18. exd5 exd5 19. Nxd5 Nxd5 20. cxd5 Bxd5 21.
Nd4 Rxc1 22. Rxc1 Ba3 23. Rc2 Rc8 24. Rxc8+ Qxc8 25. Nf5 Be6 26. Bd3 Ne5 27.
Nh6+ gxh6 28. Qg3+ Ng6 29. Bxh6 Bc1 30. Bxg6 hxg6 0-1

[Event "Challenge"]
[Site "http://www.queenalice.com/game.php?id=990444"]
[Date "2011.9.27"]
[Round "-"]
[White "Rooklifter"]
[Black "eddval"]
[Result "1-0"]
[WhiteElo "2035"]
[BlackElo "2203"]

1. e4 e5 2. f4 Bc5 3. Nf3 d6 4. c3 Bg4 5. fxe5 dxe5 6. Qa4+ Bd7 7. Qc2 Nc6 8. b4
Bd6 9. Bc4 Nf6 10. d3 O-O 11. O-O Be6 12. Bxe6 fxe6 13. Na3 h6 14. Nc4 b5 15.
Ncd2 a5 16. bxa5 Rxa5 17. c4 b4 18. Nb3 Ra6 19. c5 Be7 20. Qc4 Qc8 21. Bd2 Ra4
22. a3 Kh7 23. axb4 Rxa1 24. Rxa1 Nd7 25. Qxe6 Nd8 26. Qxe7 Nc6 27. Qe6 Nd8 28.
Qa6 Nf7 29. Qxc8 Rxc8 30. Ra7 g5 31. Bc3 g4 32. Nh4 Kg7 33. Nf5+ Kf6 34. Ra6+ c6
35. Ra7 Nf8 36. Rxf7+ 1-0

[Event "AUTO-MASTER-1541"]
[Site "http://www.queenalice.com/game.php?id=1010653"]
[Date "2011.11.20"]
[Round "1"]
[White "Pato"]
[Black "Rooklifter"]
[Result "1-0"]
[WhiteElo "2159"]
[BlackElo "2058"]

1. e4 g6 2. d4 Bg7 3. h4 d5 4. e5 h5 5. Nf3 Bg4 6. Be2 c5 7. c3 Nc6 8. Be3 cxd4
9. cxd4 Nh6 10. Nc3 O-O 11. Ng5 Bxe2 12. Qxe2 e6 13. Rh3 Nf5 14. Rd1 Rc8 15. g4
Nxe3 16. fxe3 hxg4 17. Qxg4 Ne7 18. h5 gxh5 19. Qxh5 1-0

[Event "AUTO-MASTER-1541"]
[Site "http://www.queenalice.com/game.php?id=1010654"]
[Date "2011.11.20"]
[Round "1"]
[White "Rooklifter"]
[Black "Pato"]
[Result "0-1"]
[WhiteElo "2046"]
[BlackElo "2157"]

1. c4 Nf6 2. g3 d5 3. cxd5 Nxd5 4. Bg2 g6 5. Qb3 c6 6. e4 Nb6 7. Qc3 f6 8. h4 h5
9. Nh3 Na6 10. Nf4 Kf7 11. Qb3+ e6 12. Bh3 Nc5 13. Qc2 e5 14. Bxc8 Rxc8 15. b4
exf4 16. bxc5 fxg3 17. Qb3+ Kg7 18. cxb6 Qd4 19. O-O gxf2+ 20. Kg2 axb6 21. Bb2
Qxe4+ 22. Qf3 Qxh4 23. Rxf2 Be7 24. Na3 Rhf8 25. Re1 Bc5 26. Rfe2 Rf7 27. Nc2
Ra8 28. Re4 Qg5+ 29. Kh1 Rxa2 30. Qb3 Qd5 31. Qc3 Kh7 32. Ne3 Bxe3 33. Rxe3 Rxb2
34. Qxb2 f5 0-1

[Event "AUTO-MASTER-1541"]
[Site "http://www.queenalice.com/game.php?id=1010682"]
[Date "2011.11.20"]
[Round "1"]
[White "renzopieroni"]
[Black "Rooklifter"]
[Result "0-1"]
[WhiteElo "2081"]
[BlackElo "2034"]

1. d4 g6 2. Nf3 Bg7 3. e4 d6 4. Nc3 a6 5. h3 Nf6 6. Bd3 O-O 7. O-O b5 8. a3 Bb7
9. e5 dxe5 10. dxe5 Nd5 11. Bd2 Nxc3 12. Bxc3 Nd7 13. Re1 Nc5 14. Qe2 Nxd3 15.
cxd3 e6 16. b4 Qd5 17. d4 Rfd8 18. Rad1 Qb3 19. Qb2 Qxb2 20. Bxb2 a5 21. Rc1
axb4 22. axb4 Ra4 23. Bc3 Bf8 24. Rb1 Ra3 25. Rec1 Bh6 26. Bd2 Bxd2 27. Nxd2
Rxd4 28. Rxc7 Bxg2 29. Kxg2 Rxd2 30. Rc5 Raa2 31. Rf1 Rab2 32. Rxb5 Rd4 33. Kg3
Rbxb4 34. Rxb4 Rxb4 35. f4 Rb3+ 36. Kg4 Kg7 37. Rf3 Rxf3 38. Kxf3 f6 39. Kg4 f5+
40. Kf3 Kf7 41. h4 Ke7 42. Ke3 Kd7 43. Kd4 Kc6 0-1

[Event "AUTO-MASTER-1599"]
[Site "http://www.queenalice.com/game.php?id=1034689"]
[Date "2012.3.1"]
[Round "1"]
[White "VladimirSpirin"]
[Black "Rooklifter"]
[Result "0-1"]
[WhiteElo "2205"]
[BlackElo "2087"]

1. b3 e5 2. Bb2 Nc6 3. g3 Bc5 4. e3 d6 5. Bg2 Nge7 6. d3 O-O 7. Ne2 f5 8. Nd2
Be6 9. a3 a6 10. h3 Ng6 11. b4 Ba7 12. O-O f4 13. exf4 exf4 14. d4 Bd7 15. gxf4
Nxf4 16. Nxf4 Rxf4 17. Nf3 Qf8 18. Bc1 Rxf3 19. Qxf3 Qxf3 20. Bxf3 Bxd4 21. Be3
Bxa1 22. Rxa1 Bxh3 23. Kh2 Be6 24. Rg1 Rf8 25. Bd1 Ne5 26. Rg3 Bd5 27. c3 Nf3+
28. Bxf3 Bxf3 29. Bd4 g6 30. Kg1 c6 31. Kf1 d5 32. Ke1 Be4 33. Ke2 h5 34. Re3
Kf7 35. f3 Bf5 36. Kf2 Re8 37. Rxe8 Kxe8 38. Bf6 Kf7 39. Bg5 Ke6 40. Ke3 Ke5 41.
Bh4 Bb1 42. a4 Kd6 43. a5 c5 44. Be1 Kc6 45. Kf4 cxb4 46. cxb4 Kb5 47. Ke3 Kc4
48. f4 d4+ 49. Ke2 Bf5 50. Kf3 Kb3 51. Bd2 Kc2 52. Be1 d3 53. Ke3 h4 54. Bxh4 d2
0-1

[Event "AUTO-MASTER-1599"]
[Site "http://www.queenalice.com/game.php?id=1034690"]
[Date "2012.3.1"]
[Round "1"]
[White "Rooklifter"]
[Black "VladimirSpirin"]
[Result "1-0"]
[WhiteElo "2065"]
[BlackElo "2220"]

1. c4 b6 2. Nf3 Bb7 3. g3 g6 4. Bg2 Bg7 5. Nc3 e6 6. d4 d6 7. O-O Ne7 8. e4 Nd7
9. Re1 h6 10. h4 e5 11. d5 Nf6 12. Rb1 a6 13. b4 Bc8 14. c5 O-O 15. cxd6 cxd6
16. Bd2 Bd7 17. Nh2 b5 18. Qe2 Nc8 19. Be3 Nb6 20. Bxb6 Qxb6 21. Rec1 Rfc8 22.
Nd1 h5 23. Qe3 Qb7 24. Rxc8+ Rxc8 25. Rc1 Rc7 26. Rxc7 Qxc7 27. Qc3 Qb8 28. Ne3
Bh6 29. Nc2 Ne8 30. Na1 Nc7 31. Nb3 Na8 32. Na5 Kf8 33. Nf1 Nb6 34. Kh2 Na4 35.
Qc2 Qb6 36. Bh3 Be8 37. Kg2 Kg8 38. Nd2 Bg7 39. Nf3 Bf6 40. Qc8 Bd8 41. Nb7 Bc7
42. Qxe8+ Kg7 43. Ng5 Qxb7 44. Qxf7+ Kh8 45. Qh7# 1-0

[Event "AUTO-MASTER-1599"]
[Site "http://www.queenalice.com/game.php?id=1034705"]
[Date "2012.3.1"]
[Round "1"]
[White "docb"]
[Black "Rooklifter"]
[Result "0-1"]
[WhiteElo "1933"]
[BlackElo "2106"]

1. e4 g6 2. g3 d5 3. Bg2 dxe4 4. Bxe4 Nf6 5. Bg2 Bg7 6. Nc3 O-O 7. d3 c6 8. Nf3
Na6 9. O-O Nc7 10. Bd2 Ncd5 11. Nxd5 Nxd5 12. c3 h6 13. d4 Be6 14. Ne5 Qc8 15.
Qc1 Kh7 16. h4 Bh3 17. Qc2 Bxg2 18. Kxg2 h5 19. Rae1 Nf6 20. Bg5 e6 21. Re3 Nd7
22. Nf3 c5 23. dxc5 Nxc5 24. Be7 Re8 25. Bd6 Qc6 26. Bf4 Rad8 27. Kh2 Na6 28.
Ng5+ Kg8 29. Be5 Nb4 30. Qe2 Bxe5 31. Rxe5 Nd5 32. Qc2 Nf6 33. f3 Qd6 34. Re2
Qd3 35. Qxd3 Rxd3 36. Rfe1 Red8 37. Kg2 Rd2 38. Kf2 R2d5 39. c4 Rc5 40. b3 Kf8
41. Rxe6 Rxg5 42. hxg5 fxe6 43. gxf6 Kf7 44. Ke3 Kxf6 45. Ke4 Rd2 46. a3 Rg2 47.
b4 Rxg3 48. b5 Rg2 49. Rc1 Ke7 50. c5 Kd7 51. a4 Ra2 52. Ke5 Rxa4 53. c6+ Kc7
54. Kxe6 Rf4 55. Rc3 h4 56. cxb7+ Kxb7 57. Ke5 Rf8 58. f4 Rf5+ 59. Ke4 Rxb5 60.
Rh3 Rh5 61. Rb3+ Kc6 62. Ra3 h3 63. Ra1 a5 64. Kf3 h2 65. Rh1 a4 66. Kg2 a3 0-1

[Event "AUTO-MASTER-1599"]
[Site "http://www.queenalice.com/game.php?id=1034706"]
[Date "2012.3.1"]
[Round "1"]
[White "Rooklifter"]
[Black "docb"]
[Result "1-0"]
[WhiteElo "2052"]
[BlackElo "1973"]

1. c4 g6 2. g3 Bg7 3. Bg2 Nf6 4. Nc3 c6 5. e4 e5 6. Nge2 O-O 7. O-O d6 8. d3 Be6
9. h3 d5 10. b3 d4 11. Nb1 Qd7 12. Kh2 Nh5 13. g4 Nf6 14. f4 exf4 15. Nxf4 Nxg4+
16. hxg4 Bxg4 17. Bf3 Bxf3 18. Qxf3 Be5 19. Kg2 Qe7 20. Nh3 Nd7 21. Bh6 Bg7 22.
Bxg7 Kxg7 23. Nd2 Ne5 24. Qg3 h5 25. Nf2 h4 26. Qh2 Qg5+ 27. Kh1 Qxd2 28. Qxe5+
f6 29. Qxd4 Qg5 30. Rg1 Qf4 31. Qd7+ Rf7 32. Rxg6+ Kxg6 33. Rg1+ Kh6 34. Qxf7
Qf3+ 35. Rg2 1-0

[Event "AUTO-MASTER-1599"]
[Site "http://www.queenalice.com/game.php?id=1034717"]
[Date "2012.3.1"]
[Round "1"]
[White "Rooklifter"]
[Black "nevermore17"]
[Result "0-1"]
[WhiteElo "2126"]
[BlackElo "2132"]

1. c4 f5 2. e4 fxe4 3. Nc3 Nf6 4. d3 exd3 5. Bxd3 e6 6. g4 g6 7. h4 d5 8. Bg5
Be7 9. Qc2 Nc6 10. Bxg6+ hxg6 11. Qxg6+ Kd7 12. cxd5 Nxd5 13. O-O-O Bxg5+ 14.
hxg5 Ne7 15. Qg7 Rxh1 16. Nxd5 exd5 17. Rxd5+ Ke8 18. Rxd8+ Kxd8 19. Qd4+ Ke8
20. f3 Be6 21. Kc2 Rd8 22. Qxa7 Rh2+ 23. Kc3 Rdd2 24. Qa4+ c6 25. Qa8+ Bc8 26.
Kc4 Kf7 27. Qb8 Be6+ 28. Kc5 b6+ 0-1

[Event "AUTO-MASTER-1599"]
[Site "http://www.queenalice.com/game.php?id=1034718"]
[Date "2012.3.1"]
[Round "1"]
[White "nevermore17"]
[Black "Rooklifter"]
[Result "0-1"]
[WhiteElo "2145"]
[BlackElo "2113"]

1. f4 g6 2. Nf3 Bg7 3. e4 c5 4. d3 Nc6 5. Be2 e6 6. O-O Nge7 7. c3 O-O 8. Qe1 d5
9. Qh4 b6 10. Na3 Ba6 11. Rf2 f6 12. Nc2 dxe4 13. dxe4 Bxe2 14. Rxe2 Qd1+ 15.
Kf2 Qd8 16. Be3 Qc7 17. Rd1 Rad8 18. Red2 Rxd2+ 19. Rxd2 Rd8 20. Ke2 Rxd2+ 21.
Nxd2 f5 22. e5 Nd5 23. Qf2 Bf8 24. a3 Qb7 25. Nf3 Qa6+ 26. Kd2 Bh6 27. g3 Na5
0-1

[Event "AUTO-MASTER-1599"]
[Site "http://www.queenalice.com/game.php?id=1109098"]
[Date "2012.10.3"]
[Round "2"]
[White "Rooklifter"]
[Black "chaingang"]
[Result "0-1"]
[WhiteElo "2114"]
[BlackElo "2215"]

1. c4 Nf6 2. g3 g6 3. Bg2 Bg7 4. Nc3 O-O 5. e4 d6 6. Nge2 e5 7. O-O Nc6 8. d3
Nh5 9. f4 f5 10. Be3 Nf6 11. Nd5 Ng4 12. Bd2 exf4 13. Nexf4 Bd4+ 14. Kh1 Nf2+
15. Rxf2 Bxf2 16. Ne3 Ne5 17. Qe2 Bxe3 18. Bxe3 fxe4 19. Bxe4 Bg4 20. Qc2 c6 21.
d4 Bf3+ 22. Bxf3 Nxf3 23. Nxg6 Rf7 24. Nf4 Qe7 25. Rf1 Qxe3 0-1

[Event "AUTO-MASTER-1599"]
[Site "http://www.queenalice.com/game.php?id=1109099"]
[Date "2012.10.3"]
[Round "2"]
[White "chaingang"]
[Black "Rooklifter"]
[Result "0-1"]
[WhiteElo "2224"]
[BlackElo "2115"]

1. e4 c5 2. Nc3 Nc6 3. Bb5 Na5 4. f4 a6 5. Be2 b5 6. Nf3 Bb7 7. O-O e6 8. d3 Nf6
9. h3 Be7 10. Qe1 O-O 11. b3 d5 12. e5 Nd7 13. Bd2 Nc6 14. Qg3 f6 15. a4 b4 16.
Nd1 Rc8 17. Ne3 Nd4 18. Bd1 Nxf3+ 19. Bxf3 Qc7 20. Ng4 fxe5 21. fxe5 Qd8 22.
Bxd5 Bxd5 23. Rxf8+ Qxf8 24. Rf1 Qe8 25. Nh6+ Kh8 26. Nf7+ Kg8 27. Nh6+ Kh8 28.
Nf7+ Kg8 29. Bg5 Bxg5 30. Qxg5 Qxf7 31. Rxf7 Kxf7 32. Qh5+ Kg8 33. Qg5 Rf8 34.
Qe7 Nxe5 35. Qxc5 Rf5 36. Qxb4 Rg5 37. g4 h5 38. Kf2 hxg4 39. hxg4 Nxg4+ 40. Kg3
Ne3+ 41. Kf2 Nxc2 42. Qb8+ Kh7 43. Ke2 Rg2+ 44. Kd1 Nd4 45. b4 Bb3+ 46. Kc1 Rc2+
47. Kb1 Ba2+ 0-1

[Event "AUTO-MASTER-1599"]
[Site "http://www.queenalice.com/game.php?id=1109100"]
[Date "2012.10.3"]
[Round "2"]
[White "Rooklifter"]
[Black "dadge"]
[Result "1-0"]
[WhiteElo "2105"]
[BlackElo "2034"]

1. c4 Nf6 2. g3 d6 3. Bg2 g6 4. Nc3 Bg7 5. e4 Nc6 6. Nge2 O-O 7. O-O Ne5 8. d3
c6 9. h3 Rb8 10. a4 Bd7 11. f4 Nxd3 12. Qxd3 Qa5 13. Be3 Qb4 14. a5 b5 15. cxb5
cxb5 16. e5 Ne8 17. Nd5 Qc4 18. Nxe7+ Kh8 19. Qd2 Qe6 20. Nc6 Bxc6 21. Bxc6 dxe5
22. Bd5 Qxh3 23. fxe5 Rd8 24. e6 Nf6 25. Rxf6 Bxf6 26. Rf1 fxe6 27. Bd4 Rxd5 28.
Rxf6 Rxf6 29. Bxf6+ Kg8 30. Qc1 Kf7 31. Bc3 Rh5 32. Qf4+ Rf5 33. Qc7+ Ke8 34.
Qc8+ Ke7 35. Bb4+ Kf6 36. Qf8+ Kg5 37. Bd2+ Kg4 38. Qb4+ Kh5 39. Nf4+ Rxf4 40.
Qxf4 h6 41. Qxh6+ Kg4 42. Qg5+ Kf3 43. Qe3+ Kg4 44. Qf4+ 1-0

[Event "AUTO-MASTER-1599"]
[Site "http://www.queenalice.com/game.php?id=1109101"]
[Date "2012.10.3"]
[Round "2"]
[White "dadge"]
[Black "Rooklifter"]
[Result "1-0"]
[WhiteElo "2087"]
[BlackElo "2130"]

1. e4 c5 2. Nf3 Nc6 3. d4 cxd4 4. Nxd4 g6 5. Nc3 Bg7 6. Be3 Nf6 7. Be2 O-O 8.
O-O d5 9. Nxc6 bxc6 10. e5 Nd7 11. f4 e6 12. b4 f6 13. exf6 Bxf6 14. Qd2 e5 15.
fxe5 Nxe5 16. Rad1 Bg4 17. Bc5 Bxe2 18. Nxe2 Be7 19. Bxe7 Qxe7 20. Nd4 Qc7 21.
Ne6 Rxf1+ 22. Rxf1 Qe7 23. Nd4 Rf8 24. Rxf8+ Qxf8 25. Nxc6 Nxc6 26. Qxd5+ Qf7
27. Qxc6 Qxa2 28. Qe8+ Kg7 29. Qe4 Qa4 30. h3 Qd7 31. Qe5+ Kg8 32. c4 Qd1+ 33.
Kh2 Qd7 34. b5 Qb7 35. h4 a6 36. bxa6 Qxa6 37. c5 Qc6 38. h5 gxh5 39. Qxh5 Qc7+
40. Kh3 Qc6 41. Qg5+ Kf7 42. Qf5+ Kg8 43. Qe5 Qh6+ 44. Kg3 Qg6+ 45. Kf3 Qd3+ 46.
Qe3 Qf5+ 47. Kg3 Qg6+ 48. Kf2 Qc2+ 49. Kg3 Qg6+ 50. Kf4 Qf6+ 51. Kg4 Kf8 52. Qf4
1-0